Veto!

Titel: Veto! / [Solidarność Małopolska]
Veröffentlicht: Kraków : [Verlag nicht ermittelbar], [1982?]
Erscheinungsverlauf: Maj 1982, nr 6 [?]
Format: Zeitschrift, Zeitung
Sprache: Polnisch
Schlagworte:
Kein Bild verfügbar
X
alg: 45281722
001A    $06050:05-09-19 
001B    $06050:05-09-19 $t14:27:42.000 
001D    $06050:05-09-19 
001U    $0utf8 
001X    $00 
002@    $0Ebvc 
002C    $aText $btxt $2rdacontent 
002D    $aMikroform $bh $2rdamedia 
002E    $aMikrofiche $bhe $2rdacarrier 
003@    $0452817226 
003O    $01117448500 $aOCoLC 
006Z    $02983442-9 
007A    $02983442-9 $aZDB 
010@    $apol 
010E    $erda 
011@    $a1982 $n[1982?] 
013D    $RPresse $RFortlaufendes Sammelwerk $#Periodicals $#Yearbooks $#Périodiques $#Annuaires $#Publicaciones periódicas $#journals $#Periodical $#Periodicals as Topic $#Zeitschrift $#Zeitschrift $#Periodikum $#Zeitschriften $74067488-5 $8Zeitschrift [Tsz] $9085189774 
016E    $aeamu000uuuu 
018@    $0z 
021A    $aVeto! $h[Solidarność Małopolska] 
031@    $aMaj 1982, nr 6 [?] 
031N    $j1982 
033A    $pKraków $n[Verlag nicht ermittelbar] 
044K    $qZDB $RNSZZ "Solidarność" $#Region Małopolska $#Zarza̜d Regionu Małopolska $#NSZZ "Solidarność" Małopolska $#Regionalny Komitet Małopolska $#RKS Małopolska $75027729-7 $8NSZZ "Solidarność"$bRegion Małopolska [Tb1] $904443717X 
044K    $qZDB $RInteressenverband $RArbeiterbewegung $RSyndikalismus $RArbeitnehmerverband $#Labor unions $#Syndicats $#Sindacati $#Funcionarios Sindicatos $#trade unions $#Gewerkschaft $#Gewerkschaft $#Gewerkschaften $74020872-2 $8Gewerkschaft [Ts1] $9085050695 
044K    $qZDB $RPresse $RUntergrundpublizistik $#Underground literature $#Underground newspapers $#Underground press publications $#Presse clandestine $#Presse alternative $#Prensa clandestina $#Illegale Presse $#Untergrundzeitung $74186985-0 $8Untergrundpresse [Ts1] $9085915378 
045U    $e320 $e330 

lok: 45281722 24

exp: 45281722 24 1 #EPN
201B/01 $005-09-19 $t14:30:00.000 
201C/01 $005-09-19 
201U/01 $0utf8 
203@/01 $01059029448 
208@/01 $a05-09-19 $bp 
209A/01 $aFKM 33 $f050 $hFKM 33 $x00 
209A/01 $a37 XIII Ga Z 4 $h37 13 Ga Z 4 $x10 
209E/01 $a1982,6 $x02 
209G/01 $aMikrofiche $x01 
220C/01 $aTN//03.09.19//Ho-Sz 
231@/01 $j1982 
247C/01 $8358050-7 Marburg, Bibliothek des Herder-Instituts Marburg $9102600961
LEADER 00000cas a2200000 c 4500
001 452817226
003 DE-603
005 20190905142742.0
007 he amu000uuuu
008 190905c19829999xx z| p|b 0 |1pol c
016 7 |2 DE-600  |a 2983442-9 
035 |a (DE-599)ZDB2983442-9 
035 |a (OCoLC)1117448500 
040 |a DE-603  |b ger  |c DE-603  |d DE-603  |e rda 
041 |a pol 
084 |a 320  |a 330  |q DE-600  |2 sdnb 
245 0 0 |a Veto!  |c [Solidarność Małopolska] 
264 3 1 |a Kraków  |b [Verlag nicht ermittelbar]  |c [1982?] 
336 |a Text  |b txt  |2 rdacontent 
337 |a Mikroform  |b h  |2 rdamedia 
338 |a Mikrofiche  |b he  |2 rdacarrier 
362 0 |a Maj 1982, nr 6 [?] 
363 0 0 |8 1.1\x  |i 1982 
610 1 7 |a NSZZ "Solidarność"  |b Region Małopolska  |2 gnd  |0 (DE-588)5027729-7  |0 (DE-603)04443717X 
650 7 |a Gewerkschaft  |0 (DE-588)4020872-2  |0 (DE-603)085050695  |2 gnd 
650 7 |a Untergrundpresse  |0 (DE-588)4186985-0  |0 (DE-603)085915378  |2 gnd 
655 7 |a Zeitschrift  |2 gnd-content  |0 (DE-588)4067488-5  |0 (DE-603)085189774 
924 0 |9 Mb 50  |a (DE-603)1059029448  |b DE-Mb50  |c HES  |d c  |g FKM 33  |h Mikrofiche  |i 37 XIII Ga Z 4  |q 1982  |z 1982,6